مكتبة جامعة عجلون الوطنية

فهرس بحث المكتبة

Normal view MARC view
  • إشراف تربوي

Entry Topical Term

Number of records used in: 1

001 - CONTROL NUMBER

  • control field: 43528

003 - CONTROL NUMBER IDENTIFIER

  • control field: JO-AjAnu

005 - DATE AND TIME OF LATEST TRANSACTION

  • control field: 20230606081219.0

008 - FIXED-LENGTH DATA ELEMENTS

  • fixed length control field: 230606|| aca||aabn | a|a d

040 ## - CATALOGING SOURCE

  • Original cataloging agency: JO-AjAnu
  • Transcribing agency: JO-AjAnu

150 ## - HEADING--TOPICAL TERM

  • Topical term or geographic name entry element: إشراف تربوي

670 ## - SOURCE DATA FOUND

  • Source citation: Work cat.: (JO-AjAnu)22287: المطوع،عبدالعزيز بن صالح بن جاسم , author 43527, تصميم برنامج إرشادي وقياس أثره في تخفيض درجة الإحتراق النفسي لدى المرشدين المدرسيين بالمنطقة الشرقية